000 00394nam a22001577a 4500
003 OSt
005 20231102141454.0
008 231102b |||||||| |||| 00| 0 eng d
020 _a9788194026709
040 _c
082 _23
_a510 /KUM
_bKUM
245 _aEngineering Mathmeatics 1
_cKumbhojkar, G.V
_hEnglish
250 _a3
260 _bP.Jamnadad
_c2023
942 _2ddc
_cBK
_e3
_k510
_mKUM
_n0
999 _c35969
_d35969